[Event "DVM U10 2024"]
[Site "Düsseldorf GER"]
[Date "2024.12.27"]
[Round "2"]
[White "Ni, Wilhelm Zeyin"]
[Black "Jozsa, Lev"]
[Result "1-0"]
[Termination "normal"]
[Board "2.1"]
[WhiteElo "1612"]
[BlackElo "1617"]
[WhiteClock "00:14:47"]
[BlackClock "00:05:00"]
[WhiteTeam "Düsseldorfer SV 1854"]
[BlackTeam "SV Empor Berlin"]
[PlyCount "108"]
[WhiteFideId "34675337"]
[BlackFideId "34681434"]
[EventCountry "GER"]
[EventRounds "7"]
[EventType "team-swiss"]
[EventDate "2024.12.26"]

1. e4 {[%clk 00:55:07]} {[%emt 00:00:02]} e5 {[%clk 00:55:07]} {[%emt
00:00:04]} 2. Nf3 {[%clk 00:55:05]} {[%emt 00:00:07]} Nf6 {[%clk 00:55:08]}
{[%emt 00:00:03]} 3. Nxe5 {[%clk 00:54:42]} {[%emt 00:00:28]} Nc6 {[%clk
00:55:05]} {[%emt 00:00:08]} 4. Nxc6 {[%clk 00:54:19]} {[%emt 00:00:30]} dxc6
{[%clk 00:55:05]} {[%emt 00:00:04]} 5. Nc3 {[%clk 00:54:12]} {[%emt 00:00:12]}
Bc5 {[%clk 00:55:05]} {[%emt 00:00:05]} 6. Bc4 {[%clk 00:53:49]} {[%emt
00:00:28]} Bxf2+ {[%clk 00:51:27]} {[%emt 00:03:43]} 7. Kxf2 {[%clk 00:53:24]}
{[%emt 00:00:30]} Qd4+ {[%clk 00:50:55]} {[%emt 00:00:36]} 8. Ke1 {[%clk
00:52:33]} {[%emt 00:00:57]} Qxc4 {[%clk 00:49:00]} {[%emt 00:02:00]} 9. d3
{[%clk 00:52:26]} {[%emt 00:00:12]} Qd4 {[%clk 00:48:22]} {[%emt 00:00:42]} 10.
Qf3 {[%clk 00:46:24]} {[%emt 00:06:07]} Bg4 {[%clk 00:44:46]} {[%emt 00:03:41]}
11. Qe3 {[%clk 00:46:19]} {[%emt 00:00:10]} O-O-O {[%clk 00:40:32]} {[%emt
00:04:19]} 12. Qxd4 {[%emt 00:00:35]} Rxd4 {[%clk 00:40:16]} {[%emt 00:00:19]}
13. Be3 {[%clk 00:45:36]} {[%emt 00:00:20]} Rd7 {[%clk 00:39:39]} {[%emt
00:00:42]} 14. h3 {[%clk 00:45:12]} {[%emt 00:00:29]} Bh5 {[%clk 00:36:37]}
{[%emt 00:03:06]} 15. g4 {[%clk 00:43:49]} {[%emt 00:01:29]} Bg6 {[%clk
00:35:17]} {[%emt 00:01:25]} 16. Ke2 {[%clk 00:42:37]} {[%emt 00:01:16]} Re8
{[%clk 00:33:53]} {[%emt 00:01:28]} 17. Raf1 {[%clk 00:38:08]} {[%emt
00:04:34]} Rde7 {[%clk 00:33:07]} {[%emt 00:00:52]} 18. h4 {[%clk 00:33:36]}
{[%emt 00:04:37]} h6 {[%clk 00:31:28]} {[%emt 00:01:45]} 19. h5 {[%clk
00:31:19]} {[%emt 00:02:22]} Bh7 {[%clk 00:29:03]} {[%emt 00:02:29]} 20. g5
{[%clk 00:30:53]} {[%emt 00:00:32]} Ng4 {[%clk 00:24:21]} {[%emt 00:04:46]} 21.
gxh6 {[%clk 00:29:22]} {[%emt 00:01:36]} Nxe3 {[%clk 00:22:43]} {[%emt
00:01:43]} 22. Kxe3 {[%clk 00:29:16]} {[%emt 00:00:11]} gxh6 {[%clk 00:21:45]}
{[%emt 00:01:03]} 23. Rf6 {[%clk 00:28:10]} {[%emt 00:01:11]} Re6 {[%clk
00:19:32]} {[%emt 00:02:18]} 24. Rxf7 {[%clk 00:27:21]} {[%emt 00:00:53]} R8e7
{[%clk 00:17:07]} {[%emt 00:02:30]} 25. Rxe7 {[%clk 00:26:24]} {[%emt
00:01:02]} Rxe7 {[%clk 00:16:38]} {[%emt 00:00:35]} 26. Rf1 {[%clk 00:25:51]}
{[%emt 00:00:38]} Kd7 {[%clk 00:13:30]} {[%emt 00:03:13]} 27. Rf6 {[%clk
00:25:26]} {[%emt 00:00:30]} Re6 {[%clk 00:12:50]} {[%emt 00:00:45]} 28. Rxe6
{[%clk 00:24:03]} {[%emt 00:01:27]} Kxe6 {[%clk 00:12:45]} {[%emt 00:00:10]}
29. Kf4 {[%clk 00:23:53]} {[%emt 00:00:15]} Bg8 {[%clk 00:12:17]} {[%emt
00:00:32]} 30. Ne2 {[%clk 00:22:40]} {[%emt 00:01:18]} Kf6 {[%clk 00:11:18]}
{[%emt 00:01:04]} 31. e5+ {[%clk 00:21:51]} {[%emt 00:00:53]} Ke6 {[%clk
00:09:18]} {[%emt 00:02:06]} 32. Nd4+ {[%clk 00:21:12]} {[%emt 00:00:44]} Kd5
{[%clk 00:08:29]} {[%emt 00:00:53]} 33. Nf5 {[%clk 00:20:25]} {[%emt 00:00:53]}
Bf7 {[%clk 00:08:09]} {[%emt 00:00:26]} 34. Nxh6 {[%clk 00:20:01]} {[%emt
00:00:27]} Bxh5 {[%clk 00:08:10]} {[%emt 00:00:06]} 35. Kf5 {[%clk 00:18:48]}
{[%emt 00:01:18]} Be8 {[%clk 00:07:15]} {[%emt 00:01:00]} 36. e6 {[%clk
00:16:49]} {[%emt 00:02:04]} Kd6 {[%clk 00:06:57]} {[%emt 00:00:22]} 37. Kf6
{[%clk 00:16:41]} {[%emt 00:00:14]} c5 {[%clk 00:06:45]} {[%emt 00:00:17]} 38.
Nf7+ {[%clk 00:16:30]} {[%emt 00:01:14]} Kc6 {[%clk 00:05:44]} {[%emt
00:00:54]} 39. Ke7 {[%clk 00:16:27]} {[%emt 00:00:08]} Kd5 {[%clk 00:05:38]}
{[%emt 00:00:11]} 40. Kxe8 {[%clk 00:16:09]} {[%emt 00:00:23]} Kxe6 {[%clk
00:05:37]} {[%emt 00:00:06]} 41. Nd8+ {[%clk 00:15:55]} {[%emt 00:00:18]} Kd6
{[%clk 00:05:28]} {[%emt 00:00:11]} 42. Nxb7+ {[%clk 00:15:53]} {[%emt
00:00:10]} Kc6 {[%clk 00:05:30]} {[%emt 00:00:04]} 43. Na5+ {[%clk 00:15:42]}
{[%emt 00:00:16]} Kb5 {[%clk 00:05:29]} {[%emt 00:00:06]} 44. Nc4 {[%clk
00:15:17]} {[%emt 00:00:29]} a5 {[%clk 00:05:28]} {[%emt 00:00:06]} 45. Kd7
{[%clk 00:15:09]} {[%emt 00:00:14]} c6 {[%clk 00:05:25]} {[%emt 00:00:08]} 46.
Nxa5 {[%clk 00:14:57]} {[%emt 00:00:17]} Kxa5 {[%clk 00:05:19]} {[%emt
00:00:11]} 47. Kxc6 {[%clk 00:14:53]} {[%emt 00:00:09]} Kb4 {[%clk 00:05:15]}
48. c3+ {[%clk 00:14:51]} {[%emt 00:00:16]} Ka5 {[%clk 00:05:16]} {[%emt
00:00:04]} 49. Kxc5 {[%clk 00:14:50]} {[%emt 00:00:07]} Ka6 {[%emt 00:00:03]}
50. d4 {[%emt 00:00:09]} Kb7 {[%clk 00:05:02]} {[%emt 00:00:07]} 51. d5 {[%clk
00:14:47]} {[%emt 00:00:08]} Kc7 {[%clk 00:05:03]} {[%emt 00:00:04]} 52. d6+
{[%clk 00:14:47]} {[%emt 00:00:05]} Kd7 {[%clk 00:05:03]} {[%emt 00:00:06]} 53.
a4 {[%clk 00:14:47]} {[%emt 00:00:03]} Kc8 {[%clk 00:05:05]} {[%emt 00:00:04]}
54. Kc6 {[%clk 00:14:47]} {[%emt 00:00:05]} Kb8 {[%clk 00:05:00]} {[%emt
00:00:11]} 1-0

[Event "DVM U10 2024"]
[Site "Düsseldorf GER"]
[Date "2024.12.27"]
[Round "2"]
[White "Artarov, Rina"]
[Black "Hantke, Florian"]
[Result "1-0"]
[Termination "normal"]
[Board "4.2"]
[WhiteElo "1122"]
[BlackElo "1517"]
[WhiteClock "00:39:41"]
[BlackClock "00:34:55"]
[WhiteTeam "SK Münster 32"]
[BlackTeam "TSG Oberschöneweide"]
[PlyCount "58"]
[WhiteFideId "34692541"]
[BlackFideId "34638962"]
[EventCountry "GER"]
[EventRounds "7"]
[EventType "team-swiss"]
[EventDate "2024.12.26"]

1. d4 {[%clk 00:55:08]} {[%emt 00:00:02]} d5 {[%clk 00:55:03]} {[%emt
00:00:08]} 2. c4 {[%clk 00:55:00]} {[%emt 00:00:13]} e6 {[%clk 00:55:00]}
{[%emt 00:00:08]} 3. Nc3 {[%clk 00:55:00]} {[%emt 00:00:05]} Nf6 {[%clk
00:55:00]} {[%emt 00:00:05]} 4. Bf4 {[%clk 00:54:58]} {[%emt 00:00:07]} c6
{[%clk 00:54:57]} {[%emt 00:00:10]} 5. Nf3 {[%clk 00:54:54]} {[%emt 00:00:07]}
Be7 {[%clk 00:54:03]} {[%emt 00:00:59]} 6. e3 {[%clk 00:54:05]} {[%emt
00:00:54]} O-O {[%clk 00:54:00]} {[%emt 00:00:08]} 7. Qc2 {[%clk 00:53:58]}
{[%emt 00:00:11]} Re8 {[%clk 00:53:39]} {[%emt 00:00:27]} 8. Bd3 {[%clk
00:53:57]} {[%emt 00:00:07]} Nbd7 {[%clk 00:53:33]} {[%emt 00:00:10]} 9. O-O
{[%clk 00:53:51]} {[%emt 00:00:11]} Nf8 {[%clk 00:53:30]} {[%emt 00:00:09]} 10.
Ne5 {[%clk 00:53:12]} {[%emt 00:00:44]} N8d7 {[%clk 00:51:57]} {[%emt
00:01:38]} 11. c5 {[%clk 00:52:55]} {[%emt 00:00:21]} b6 {[%clk 00:50:55]}
{[%emt 00:01:08]} 12. Nxc6 {[%clk 00:52:33]} {[%emt 00:00:27]} bxc5 {[%clk
00:50:03]} {[%emt 00:00:58]} 13. Nxd8 {[%clk 00:52:30]} {[%emt 00:00:07]} Rxd8
{[%clk 00:50:02]} {[%emt 00:00:05]} 14. Nb5 {[%clk 00:52:06]} {[%emt 00:00:29]}
a6 {[%clk 00:48:08]} {[%emt 00:02:01]} 15. Nc7 {[%clk 00:51:40]} {[%emt
00:00:30]} Ra7 {[%clk 00:48:02]} {[%emt 00:00:11]} 16. Rac1 {[%clk 00:51:13]}
{[%emt 00:00:30]} Nh5 {[%clk 00:47:00]} {[%emt 00:01:08]} 17. Bxh7+ {[%clk
00:50:11]} {[%emt 00:01:08]} Kf8 {[%clk 00:46:51]} {[%emt 00:00:14]} 18. dxc5
{[%clk 00:49:52]} {[%emt 00:00:23]} Nxf4 {[%clk 00:46:06]} {[%emt 00:00:50]}
19. exf4 {[%clk 00:49:22]} {[%emt 00:00:35]} Rxc7 {[%clk 00:46:06]} {[%emt
00:00:06]} 20. c6 {[%clk 00:48:42]} {[%emt 00:00:45]} Nf6 {[%clk 00:44:42]}
{[%emt 00:01:29]} 21. Bd3 {[%clk 00:48:20]} {[%emt 00:00:27]} Rd6 {[%clk
00:42:41]} {[%emt 00:02:06]} 22. Qa4 {[%clk 00:48:10]} d4 {[%clk 00:38:17]}
{[%emt 00:04:43]} 23. Bxa6 {[%clk 00:47:03]} Bxa6 {[%clk 00:38:15]} {[%emt
00:01:21]} 24. Qxa6 {[%clk 00:46:58]} {[%emt 00:00:10]} Nd5 {[%clk 00:38:07]}
{[%emt 00:00:11]} 25. Qa5 {[%clk 00:43:00]} {[%emt 00:04:04]} Bd8 {[%clk
00:37:28]} {[%emt 00:00:44]} 26. Qc5 {[%clk 00:42:07]} {[%emt 00:00:57]} Be7
{[%clk 00:36:55]} {[%emt 00:00:39]} 27. Qxd4 {[%clk 00:41:30]} {[%emt
00:00:42]} Bf6 {[%clk 00:36:31]} {[%emt 00:00:29]} 28. Qa4 {[%clk 00:40:02]}
Bxb2 {[%clk 00:35:50]} {[%emt 00:02:19]} 29. Rb1 {[%clk 00:39:41]} Bf6 {[%clk
00:34:55]} {[%emt 00:01:26]} 1-0

[Event "DVM U10 2024"]
[Site "Düsseldorf GER"]
[Date "2024.12.27"]
[Round "2"]
[White "Grabein, Clemens"]
[Black "Tschötsch, Hugo"]
[Result "0-1"]
[Termination "normal"]
[Board "4.4"]
[WhiteElo "958"]
[BlackElo "1110"]
[WhiteClock "00:13:36"]
[BlackClock "00:12:46"]
[WhiteTeam "SK Münster 32"]
[BlackTeam "TSG Oberschöneweide"]
[PlyCount "130"]
[WhiteFideId "34692517"]
[BlackFideId "533015104"]
[EventCountry "GER"]
[EventRounds "7"]
[EventType "team-swiss"]
[EventDate "2024.12.26"]

1. e4 {[%clk 00:55:09]} c5 {[%clk 00:55:07]} {[%emt 00:00:04]} 2. Nc3 {[%clk
00:55:08]} {[%emt 00:00:06]} e6 {[%clk 00:55:06]} {[%emt 00:00:06]} 3. Nf3
{[%clk 00:55:04]} {[%emt 00:00:08]} d6 {[%clk 00:55:02]} {[%emt 00:00:09]} 4.
Bb5+ {[%clk 00:54:45]} {[%emt 00:00:24]} Nd7 {[%clk 00:54:54]} {[%emt
00:00:14]} 5. d3 {[%clk 00:54:28]} {[%emt 00:00:21]} a6 {[%clk 00:54:49]}
{[%emt 00:00:11]} 6. Ba4 {[%clk 00:53:44]} {[%emt 00:00:49]} b5 {[%clk
00:54:47]} {[%emt 00:00:07]} 7. Bb3 {[%clk 00:53:11]} {[%emt 00:00:37]} Ngf6
{[%clk 00:54:27]} {[%emt 00:00:24]} 8. a3 {[%clk 00:52:58]} {[%emt 00:00:19]}
Be7 {[%clk 00:53:35]} {[%emt 00:00:57]} 9. O-O {[%clk 00:52:26]} {[%emt
00:00:37]} O-O {[%clk 00:53:24]} {[%emt 00:00:16]} 10. Bg5 {[%clk 00:51:28]}
{[%emt 00:01:04]} Bb7 {[%clk 00:52:07]} {[%emt 00:01:22]} 11. Bf4 {[%clk
00:50:01]} {[%emt 00:01:31]} Rc8 {[%clk 00:48:26]} {[%emt 00:03:47]} 12. Bg5
{[%clk 00:48:59]} {[%emt 00:01:07]} h6 {[%clk 00:46:33]} {[%emt 00:01:57]} 13.
Bh4 {[%clk 00:48:50]} {[%emt 00:00:15]} d5 {[%clk 00:42:46]} {[%emt 00:03:52]}
14. Bxf6 {[%clk 00:47:09]} {[%emt 00:01:45]} Nxf6 {[%clk 00:42:35]} {[%emt
00:00:16]} 15. e5 {[%clk 00:46:08]} {[%emt 00:01:06]} Nd7 {[%clk 00:41:46]}
{[%emt 00:00:54]} 16. Qe1 {[%clk 00:44:04]} {[%emt 00:02:09]} d4 {[%clk
00:36:03]} {[%emt 00:05:49]} 17. Ne2 {[%clk 00:43:37]} {[%emt 00:00:32]} Bxf3
{[%clk 00:35:48]} {[%emt 00:00:20]} 18. gxf3 {[%clk 00:43:09]} {[%emt
00:00:33]} Nxe5 {[%clk 00:35:43]} {[%emt 00:00:10]} 19. Qd1 {[%clk 00:41:55]}
{[%emt 00:01:19]} Nxf3+ {[%clk 00:35:16]} {[%emt 00:00:31]} 20. Kh1 {[%clk
00:41:49]} {[%emt 00:00:11]} Qc7 {[%clk 00:33:41]} {[%emt 00:01:40]} 21. Ng3
{[%clk 00:40:00]} {[%emt 00:02:22]} Ng5 {[%clk 00:31:40]} {[%emt 00:02:06]} 22.
Qe2 {[%clk 00:38:05]} {[%emt 00:02:01]} Qc6+ {[%clk 00:29:39]} {[%emt
00:02:06]} 23. f3 {[%clk 00:37:44]} {[%emt 00:00:26]} Bd6 {[%clk 00:27:55]}
{[%emt 00:01:49]} 24. Ne4 {[%clk 00:37:00]} {[%emt 00:00:49]} Nxe4 {[%clk
00:27:13]} {[%emt 00:00:46]} 25. fxe4 {[%clk 00:36:53]} {[%emt 00:00:12]} Qc7
{[%clk 00:26:05]} {[%emt 00:01:13]} 26. Rf2 {[%clk 00:36:30]} {[%emt 00:00:29]}
Bf4 {[%clk 00:25:28]} {[%emt 00:00:41]} 27. Raf1 {[%clk 00:35:12]} {[%emt
00:01:23]} Be3 {[%clk 00:25:11]} {[%emt 00:00:23]} 28. Rf3 {[%clk 00:34:47]}
{[%emt 00:00:30]} c4 {[%clk 00:24:00]} {[%emt 00:01:16]} 29. dxc4 {[%clk
00:34:23]} {[%emt 00:00:28]} bxc4 {[%clk 00:23:43]} {[%emt 00:00:22]} 30. Bxc4
{[%clk 00:34:12]} {[%emt 00:00:16]} Qxc4 {[%clk 00:23:35]} {[%emt 00:00:13]}
31. Qxc4 {[%clk 00:33:34]} {[%emt 00:00:43]} Rxc4 {[%clk 00:23:34]} {[%emt
00:00:06]} 32. c3 {[%clk 00:32:12]} {[%emt 00:01:27]} e5 {[%clk 00:23:20]}
{[%emt 00:00:18]} 33. cxd4 {[%clk 00:31:54]} {[%emt 00:00:22]} exd4 {[%clk
00:23:11]} {[%emt 00:00:14]} 34. Rd1 {[%clk 00:30:46]} {[%emt 00:01:14]} Rc1
{[%clk 00:22:23]} {[%emt 00:00:53]} 35. Rxc1 {[%clk 00:30:13]} {[%emt
00:00:38]} Bxc1 {[%clk 00:22:16]} {[%emt 00:00:12]} 36. b4 {[%clk 00:29:56]}
{[%emt 00:00:22]} Rd8 {[%clk 00:21:48]} {[%emt 00:00:32]} 37. Rd3 {[%clk
00:29:32]} {[%emt 00:00:30]} Be3 {[%clk 00:21:35]} {[%emt 00:00:18]} 38. Kg2
{[%clk 00:29:16]} Rc8 {[%clk 00:21:16]} {[%emt 00:00:45]} 39. Kf3 {[%clk
00:28:50]} {[%emt 00:00:31]} Rc2 {[%clk 00:20:40]} {[%emt 00:00:41]} 40. Kg3
{[%clk 00:28:42]} Rc3 {[%clk 00:20:25]} {[%emt 00:00:33]} 41. Rd1 {[%clk
00:26:48]} d3 {[%clk 00:20:25]} 42. Kf3 {[%clk 00:26:48]} d2 {[%clk 00:20:25]}
43. Ke2 {[%clk 00:26:48]} Rxa3 {[%clk 00:20:25]} 44. h4 {[%clk 00:26:48]} Kf8
{[%clk 00:20:25]} 45. Rf1 {[%clk 00:26:48]} Ke7 {[%clk 00:20:25]} 46. Rb1
{[%clk 00:26:48]} Rc3 {[%clk 00:20:25]} 47. Rd1 {[%clk 00:22:57]} {[%emt
00:07:43]} Ke6 {[%clk 00:18:55]} 48. Rxd2 {[%clk 00:22:57]} Bxd2 {[%clk
00:18:08]} {[%emt 00:05:13]} 49. Kxd2 {[%clk 00:19:23]} {[%emt 00:00:07]} Rb3
{[%clk 00:18:08]} {[%emt 00:00:05]} 50. Ke2 {[%clk 00:18:54]} {[%emt 00:00:33]}
Rxb4 {[%clk 00:18:04]} {[%emt 00:00:09]} 51. Ke3 {[%clk 00:18:40]} Ke5 {[%clk
00:17:58]} {[%emt 00:00:29]} 52. Ke2 {[%clk 00:18:41]} {[%emt 00:00:04]} Rxe4+
{[%clk 00:17:24]} {[%emt 00:00:39]} 53. Kd1 {[%clk 00:18:21]} {[%emt 00:00:25]}
Rc4 {[%clk 00:17:10]} {[%emt 00:00:19]} 54. Ke1 {[%clk 00:18:09]} {[%emt
00:00:17]} Rc2 {[%clk 00:17:08]} {[%emt 00:00:08]} 55. Kd1 {[%clk 00:16:50]}
{[%emt 00:01:24]} Rh2 {[%clk 00:13:10]} {[%emt 00:04:25]} 56. Ke1 {[%clk
00:16:44]} {[%emt 00:00:11]} a5 {[%clk 00:13:09]} {[%emt 00:00:07]} 57. Kd1
{[%clk 00:16:44]} {[%emt 00:00:04]} a4 {[%clk 00:13:10]} {[%emt 00:00:04]} 58.
Kc1 {[%emt 00:00:56]} a3 {[%emt 00:00:17]} 59. Kb1 {[%clk 00:15:27]} {[%emt
00:00:10]} Kd4 {[%clk 00:13:04]} {[%emt 00:00:11]} 60. Ka1 {[%clk 00:15:18]}
{[%emt 00:00:14]} Kc3 {[%clk 00:12:54]} 61. Kb1 {[%clk 00:15:09]} {[%emt
00:00:29]} f5 {[%clk 00:12:46]} 62. Ka1 {[%clk 00:14:21]} {[%emt 00:00:29]} f4
63. Kb1 {[%clk 00:14:21]} {[%emt 00:00:24]} f3 {[%clk 00:12:45]} 64. Kc1 {[%clk
00:13:59]} {[%emt 00:00:25]} f2 {[%clk 00:12:46]} 65. Kd1 {[%clk 00:13:36]}
{[%emt 00:00:40]} f1=R# 0-1

[Event "DVM U10 2024"]
[Site "Düsseldorf GER"]
[Date "2024.12.27"]
[Round "2"]
[White "Riazi, Dominik"]
[Black "Braren, Ove Neelis"]
[Result "1/2-1/2"]
[Termination "normal"]
[Board "5.1"]
[WhiteElo "1584"]
[BlackElo "1634"]
[WhiteClock "00:31:44"]
[BlackClock "00:26:29"]
[WhiteTeam "SK Bad Homburg 1927"]
[BlackTeam "Königsspringer SC 1984"]
[PlyCount "68"]
[WhiteFideId "533002150"]
[BlackFideId "34663770"]
[EventCountry "GER"]
[EventRounds "7"]
[EventType "team-swiss"]
[EventDate "2024.12.26"]

1. e4 {[%clk 00:55:08]} {[%emt 00:00:02]} e5 {[%clk 00:55:00]} {[%emt
00:00:09]} 2. Nf3 {[%clk 00:55:09]} {[%emt 00:00:05]} Nc6 {[%clk 00:55:00]}
{[%emt 00:00:05]} 3. d4 {[%clk 00:55:11]} {[%emt 00:00:03]} exd4 {[%clk
00:54:50]} {[%emt 00:00:14]} 4. Bc4 {[%clk 00:55:11]} {[%emt 00:00:06]} Nf6
{[%clk 00:54:42]} {[%emt 00:00:13]} 5. O-O {[%clk 00:54:56]} {[%emt 00:00:21]}
Nxe4 {[%clk 00:54:06]} {[%emt 00:00:41]} 6. Re1 {[%clk 00:55:00]} {[%emt
00:00:01]} d5 {[%clk 00:53:47]} {[%emt 00:00:23]} 7. Bxd5 {[%clk 00:55:02]}
{[%emt 00:00:03]} Qxd5 {[%clk 00:53:37]} {[%emt 00:00:14]} 8. Nc3 {[%clk
00:55:01]} {[%emt 00:00:07]} Qh5 {[%clk 00:53:19]} {[%emt 00:00:18]} 9. Nxe4
{[%emt 00:00:16]} Be6 {[%clk 00:52:10]} {[%emt 00:01:10]} 10. Bg5 {[%clk
00:54:57]} {[%emt 00:00:07]} Bd6 {[%clk 00:50:45]} {[%emt 00:01:28]} 11. Nxd6+
{[%clk 00:54:54]} {[%emt 00:00:09]} cxd6 {[%clk 00:50:34]} {[%emt 00:00:16]}
12. Bf4 {[%clk 00:54:45]} {[%emt 00:00:15]} Qd5 {[%clk 00:43:44]} {[%emt
00:06:52]} 13. c3 {[%clk 00:54:30]} {[%emt 00:00:23]} O-O {[%clk 00:40:31]} 14.
Nxd4 {[%clk 00:54:26]} {[%emt 00:03:27]} Nxd4 {[%clk 00:39:51]} 15. Qxd4 {[%clk
00:54:11]} {[%emt 00:01:06]} Qxd4 {[%clk 00:39:31]} 16. cxd4 {[%clk 00:54:06]}
{[%emt 00:00:34]} d5 {[%clk 00:38:47]} 17. Rac1 {[%clk 00:53:27]} {[%emt
00:01:33]} Rac8 {[%clk 00:37:52]} 18. Rxc8 {[%clk 00:52:54]} {[%emt 00:01:40]}
Rxc8 {[%clk 00:37:36]} 19. Rc1 {[%clk 00:51:09]} {[%emt 00:02:10]} Kf8 {[%clk
00:36:28]} {[%emt 00:01:13]} 20. Rxc8+ {[%clk 00:49:27]} {[%emt 00:01:47]} Bxc8
{[%clk 00:35:46]} {[%emt 00:00:47]} 21. Kf1 {[%clk 00:48:54]} {[%emt 00:00:39]}
Ke7 {[%clk 00:35:28]} 22. Ke2 {[%clk 00:48:31]} {[%emt 00:00:50]} Bd7 {[%clk
00:34:37]} 23. g3 {[%clk 00:46:25]} {[%emt 00:03:07]} Kd6 {[%clk 00:34:09]} 24.
Kd3+ {[%clk 00:45:01]} {[%emt 00:02:03]} Bg4 {[%clk 00:33:54]} 25. Kc3+ {[%clk
00:43:16]} {[%emt 00:02:10]} Kc6 {[%clk 00:33:28]} {[%emt 00:00:29]} 26. Kb4
{[%clk 00:42:00]} {[%emt 00:01:22]} Be2 {[%clk 00:33:10]} {[%emt 00:00:22]} 27.
a3 {[%clk 00:39:46]} {[%emt 00:02:20]} a6 {[%clk 00:31:21]} {[%emt 00:01:54]}
28. h4 {[%clk 00:36:41]} g6 {[%clk 00:31:15]} {[%emt 00:03:21]} 29. Be5 {[%clk
00:36:29]} h5 {[%clk 00:31:15]} 30. Bf4 {[%clk 00:36:29]} Bc4 {[%clk 00:29:58]}
{[%emt 00:02:24]} 31. Bg5 {[%clk 00:32:33]} Be2 {[%clk 00:28:21]} {[%emt
00:05:06]} 32. Bf4 {[%clk 00:32:19]} Bg4 {[%clk 00:27:38]} {[%emt 00:01:08]}
33. Bg5 {[%clk 00:32:07]} Bf5 {[%clk 00:27:16]} {[%emt 00:00:45]} 34. Bf4
{[%clk 00:31:44]} Be4 {[%clk 00:26:29]} {[%emt 00:00:45]} 1/2-1/2

[Event "DVM U10 2024"]
[Site "Düsseldorf GER"]
[Date "2024.12.27"]
[Round "2"]
[White "Jiang, Luca"]
[Black "Sander, Bela"]
[Result "1-0"]
[Termination "normal"]
[Board "15.2"]
[WhiteElo "1190"]
[BlackElo "1117"]
[WhiteClock "00:39:52"]
[BlackClock "00:24:31"]
[WhiteTeam "SC Stetten a.d.F."]
[BlackTeam "USV Halle"]
[PlyCount "71"]
[EventCountry "GER"]
[EventRounds "7"]
[EventType "team-swiss"]
[EventDate "2024.12.26"]

1. e4 {[%clk 00:55:09]} e5 {[%clk 00:55:04]} {[%emt 00:00:07]} 2. Nf3 {[%clk
00:55:05]} {[%emt 00:00:09]} Nc6 {[%clk 00:55:01]} {[%emt 00:00:08]} 3. Bc4
{[%clk 00:55:00]} {[%emt 00:00:10]} Bc5 {[%clk 00:54:58]} {[%emt 00:00:08]} 4.
c3 {[%clk 00:54:59]} {[%emt 00:00:06]} Nf6 {[%clk 00:54:54]} {[%emt 00:00:09]}
5. d3 {[%clk 00:54:53]} {[%emt 00:00:11]} d6 {[%clk 00:54:36]} {[%emt
00:00:23]} 6. Bg5 {[%clk 00:54:46]} {[%emt 00:00:10]} h6 {[%clk 00:54:02]}
{[%emt 00:00:41]} 7. Bh4 {[%clk 00:54:45]} {[%emt 00:00:05]} Bg4 {[%clk
00:53:49]} {[%emt 00:00:19]} 8. h3 {[%clk 00:54:28]} {[%emt 00:00:21]} Bh5
{[%clk 00:53:33]} {[%emt 00:00:20]} 9. Nbd2 {[%clk 00:54:26]} {[%emt 00:00:08]}
Qe7 {[%clk 00:53:03]} {[%emt 00:00:34]} 10. O-O {[%clk 00:54:15]} {[%emt
00:00:16]} O-O-O {[%clk 00:52:31]} {[%emt 00:00:38]} 11. Qb3 {[%clk 00:53:01]}
{[%emt 00:01:19]} g5 {[%clk 00:51:50]} {[%emt 00:00:46]} 12. Bg3 {[%clk
00:52:48]} {[%emt 00:00:18]} Rdf8 {[%clk 00:50:26]} {[%emt 00:01:28]} 13. Bb5
{[%clk 00:51:32]} {[%emt 00:01:23]} Qd7 {[%clk 00:49:29]} {[%emt 00:00:53]} 14.
d4 {[%clk 00:50:56]} {[%emt 00:00:50]} exd4 {[%clk 00:46:52]} {[%emt 00:02:42]}
15. cxd4 {[%clk 00:50:53]} {[%emt 00:00:08]} Bb6 {[%clk 00:46:06]} {[%emt
00:00:51]} 16. d5 {[%clk 00:50:44]} {[%emt 00:00:14]} Bxf3 17. Qxf3 {[%clk
00:50:08]} Nh7 {[%clk 00:43:55]} 18. dxc6 {[%clk 00:49:52]} bxc6 {[%clk
00:43:44]} 19. Bd3 {[%clk 00:49:30]} Kb7 {[%clk 00:42:45]} 20. Nc4 {[%clk
00:49:12]} Bc5 {[%clk 00:41:57]} 21. e5 {[%clk 00:48:47]} h5 {[%clk 00:40:08]}
22. exd6 {[%clk 00:48:27]} cxd6 {[%clk 00:39:55]} 23. Be4 {[%clk 00:48:00]} d5
{[%clk 00:39:35]} 24. Bxh7 {[%clk 00:47:30]} Rxh7 {[%clk 00:39:27]} 25. Qb3+
{[%clk 00:47:25]} Ka8 {[%clk 00:38:31]} {[%emt 00:00:49]} 26. Ne5 {[%clk
00:47:11]} {[%emt 00:00:20]} Qe6 {[%clk 00:36:58]} {[%emt 00:01:37]} 27. Rfe1
{[%clk 00:46:33]} {[%emt 00:00:42]} Bb6 {[%clk 00:35:17]} {[%emt 00:01:48]} 28.
Nf3 {[%clk 00:45:42]} {[%emt 00:00:55]} Qf5 {[%clk 00:33:55]} {[%emt 00:01:27]}
29. Re5 {[%clk 00:45:24]} {[%emt 00:00:24]} Qd7 {[%clk 00:32:52]} {[%emt
00:01:06]} 30. Rxg5 {[%clk 00:44:42]} {[%emt 00:00:49]} f5 {[%clk 00:31:30]}
{[%emt 00:01:26]} 31. Rg6 {[%clk 00:43:57]} {[%emt 00:00:45]} Rg7 {[%clk
00:31:08]} {[%emt 00:00:31]} 32. Ne5 {[%clk 00:43:37]} {[%emt 00:00:24]} Qb7
{[%clk 00:28:39]} {[%emt 00:02:34]} 33. Rxg7 {[%clk 00:42:58]} {[%emt
00:00:46]} Qxg7 {[%clk 00:28:31]} {[%emt 00:00:14]} 34. Nxc6 {[%clk 00:42:49]}
{[%emt 00:00:14]} Rg8 {[%clk 00:27:52]} {[%emt 00:00:44]} 35. Qxd5 {[%clk
00:40:16]} {[%emt 00:02:39]} Qxg3 {[%clk 00:24:31]} {[%emt 00:03:24]} 36. Nd8+
{[%clk 00:39:52]} {[%emt 00:00:30]} 1-0